[Event "the  first english knockout 2017 "]
[Site "SchemingMind.com"]
[Date "2017.01.26"]
[Round "-"]
[White "Clive Everill"]
[Black "maro"]
[Result "0-1"]
[WhiteCountry "CZE"]
[BlackCountry "MEX"]
[WhiteElo "1724"]
[WhiteRD "61"]
[BlackElo "1339"]
[BlackRD "67"]
[GameID "409768"]

1. c4 g6 2. Nc3 Bg7 3. d4 Nf6 4. e4 O-O 5. Nf3 d6 6. h3 b6 7. Be3 Ba6 8. Bd3 Nbd7 9. O-O c6 10. Qd2 e5
11. d5 cxd5 12. cxd5 Bxd3 13. Qxd3 a6 14. Rac1 Nc5 15. Bxc5 bxc5 16. Nh2 Rb8 17. b3 Bh6 18. Rc2 Nh5 19. g3 a5 20. Na4 Qg5
21. Kh1 f5 22. Nf3 Nxg3+ 23. fxg3 Qxg3 24. Ne1 Be3 25. Rh2 fxe4 26. Rxf8+ Rxf8 27. Qe2 Qg1#
0-1

[Event "the  first english knockout 2017 "]
[Site "SchemingMind.com"]
[Date "2017.01.26"]
[Round "-"]
[White "maro"]
[Black "Clive Everill"]
[Result "0-1"]
[WhiteCountry "MEX"]
[BlackCountry "CZE"]
[WhiteElo "1339"]
[WhiteRD "67"]
[BlackElo "1724"]
[BlackRD "61"]
[GameID "409769"]

1. c4 e5 2. g3 Nf6 3. Nc3 Bb4 4. Qa4 Nc6 5. a3 Bxc3 6. dxc3 O-O 7. Bg2 Ne7 8. e4 b6 9. Nf3 d6 10. O-O Nxe4
11. Ng5 Bd7 12. Qc2 f5 13. Bxe4 fxe4 14. Qxe4 Bf5 15. Qh4 h6 16. Ne4 Qe8 17. f3 Ng6 18. Qh5 Qe6 19. g4 Bxe4 20. fxe4 Rxf1+
21. Kxf1 Qxc4+ 22. Kg2 Qxe4+ 23. Kg3 Rf8 24. g5 Qd3+ 25. Kg2 Qf1+ 26. Kg3 Qf2+ 27. Kh3 Rf3+ 28. Kg4 Qg2#
0-1

[Event "the  first english knockout 2017 "]
[Site "SchemingMind.com"]
[Date "2017.02.08"]
[Round "-"]
[White "Thomas Jacob Kelly"]
[Black "Serk"]
[Result "0-1"]
[WhiteCountry "USA"]
[BlackCountry "RUS"]
[WhiteElo "1801"]
[WhiteRD "72"]
[BlackElo "1978"]
[BlackRD "168"]
[GameID "410169"]

1. c4 e5 2. Nc3 Nf6 3. Nf3 Nc6 4. a3 d5 5. e3 d4 6. exd4 exd4 7. Na4 d3 8. b4 Qe7+ 9. Be2 Bg4 10. Bb2 O-O-O
11. h3 Bxf3 12. gxf3 Re8 13. f4 Qe4
0-1

[Event "the  first english knockout 2017 "]
[Site "SchemingMind.com"]
[Date "2017.02.08"]
[Round "-"]
[White "Serk"]
[Black "Thomas Jacob Kelly"]
[Result "1-0"]
[WhiteCountry "RUS"]
[BlackCountry "USA"]
[WhiteElo "1978"]
[WhiteRD "168"]
[BlackElo "1801"]
[BlackRD "72"]
[GameID "410170"]

1. c4 g6 2. d4 Bg7 3. Nc3 c5 4. d5 Nf6 5. e4 d6 6. f3 Nbd7 7. Nh3 O-O 8. Nf2 a6 9. Be2 Ne8 10. O-O Bd4
11. Bh6 Ng7 12. Qd2 Re8 13. Kh1 Ne5 14. Be3 Bxe3 15. Qxe3 f5 16. f4 Nf7 17. g4 fxg4 18. Bxg4 b6 19. Qh3 e6 20. dxe6 Nxe6
21. Nd5 Ra7 22. Rg1 Nfg5 23. fxg5 Nxg5 24. Qe3 Rf7 25. Bxc8 Nf3 26. Ng4 Nxg1 27. Nh6+ Kg7 28. Nxf7 Kxf7 29. Qh6 Qxc8 30. Rf1+ Ke6
31. Qg7 Qd8 32. Nf4#
1-0

[Event "the  first english knockout 2017 "]
[Site "SchemingMind.com"]
[Date "2017.02.21"]
[Round "-"]
[White "John Hamer"]
[Black "Quaff"]
[Result "1-0"]
[WhiteCountry "ENG"]
[BlackCountry "ENG"]
[WhiteElo "1983"]
[WhiteRD "71"]
[BlackElo "1564"]
[BlackRD "67"]
[GameID "410795"]

1. c4 e5 2. Nc3 Nf6 3. g3 Bb4 4. Bg2 c6 5. e4 d6 6. Nge2 Be6 7. d3 Bxc3+ 8. Nxc3 Na6 9. O-O Qd7 10. Re1 Bh3
11. Bf3 Bg4 12. Bxg4 Nxg4 13. f3 Nf6 14. Bg5 Qe6 15. Rc1 h6 16. Be3 Nh7 17. Qb3 b6 18. d4 O-O 19. dxe5 dxe5 20. Red1 Rfd8
21. Qa4 Nc7 22. Rxd8+ Rxd8 23. Qxa7 Rc8 24. Qxb6 Ng5 25. Bxg5 hxg5 26. Qb7 g4 27. Rf1 gxf3 28. Rxf3 f6 29. Na4 Qd7 30. Nb6 Qd1+
31. Rf1 Qd4+ 32. Rf2 Qd1+ 33. Kg2 Rd8 34. Qxc7 Rd2 35. Qc8+ Kh7 36. Qh3+ Kg8 37. Qe6+ Kh7 38. Qf5+ Kg8 39. a4 Qe1 40. h4 Rd1
41. Rf1 Rd2+ 42. Kh3 Qe2 43. Rf3 Rxb2 44. Nd7 Qxc4 45. Nxf6+ gxf6 46. Qg6+
1-0

[Event "the  first english knockout 2017 "]
[Site "SchemingMind.com"]
[Date "2017.02.21"]
[Round "-"]
[White "Quaff"]
[Black "John Hamer"]
[Result "1-0"]
[WhiteCountry "ENG"]
[BlackCountry "ENG"]
[WhiteElo "1597"]
[WhiteRD "65"]
[BlackElo "2000"]
[BlackRD "71"]
[GameID "410796"]

1. c4 Nf6 2. d3 g6 3. b3 Bg7 4. Bb2 O-O 5. e3 c5 6. Nf3 Nc6 7. Be2 a6 8. h3 d5 9. Na3 d4 10. e4 Nh5
11. Bc1 Qc7 12. Nh2 Nf4 13. Bf3 Be6 14. Bxf4 Qxf4 15. Nc2 Rfd8 16. Qd2 Qd6 17. Bg4 Be5 18. Bxe6 Bf4 19. Qe2 Qxe6 20. Qg4 Qf6
21. g3 Bc7 22. f4 Ba5+ 23. Ke2 Rac8 24. e5 Qg7 25. h4 h5 26. Qf3 Bc3 27. Rag1 Qh6 28. Na3 Rd7 29. Nb1 Ba5 30. g4 Kh7
31. gxh5 Qxh5 32. Qxh5+ gxh5 33. Rg5 f6 34. exf6 Kh6 35. Rxc5 exf6 36. Rf5 Re7+ 37. Kf2 Re6 38. a3 Bc7 39. Nd2 Rce8 40. Ne4 Kg7
41. Rg1+ Kh6 42. Nf1 Bd8 43. Nfg3 Kg6 44. Rxh5 f5 45. Rxf5 Bxh4= 46. Rd5 Rf8 47. f5+ Kg7 48. Ke2 Re5 49. Rxe5 Nxe5 50. f6+ Kf7
51. Nh5 Ke6 52. Rh1 Ng6 53. Rg1 Ne5 54. Nc5+
1-0

[Event "the  first english knockout 2017 "]
[Site "SchemingMind.com"]
[Date "2017.02.24"]
[Round "-"]
[White "kenneth m day"]
[Black "Helga1946"]
[Result "0-1"]
[WhiteCountry "USA"]
[BlackCountry "GER"]
[WhiteElo "1671"]
[WhiteRD "56"]
[BlackElo "2193"]
[BlackRD "75"]
[GameID "410824"]

1. c4 e5 2. Nc3 c6 3. d3 Bb4 4. Bd2 d5 5. Nf3 Bxc3 6. Bxc3 d4 7. Bd2 Qe7 8. Qb3 h6 9. e3 dxe3 10. Bxe3 Nf6
11. Be2 O-O 12. O-O c5 13. Qb5 b6 14. a3 Rd8 15. Rfe1 Bb7 16. Qb3 Nh7 17. Rad1 Nc6 18. Nd2 Qd6 19. Ne4 Qc7 20. Qc3 f5
21. Ng3 f4 22. Bxf4 exf4 23. Ne4 Nd4 24. Bg4 f3 25. Bxf3 Nxf3+ 26. gxf3 Rd4 27. b4 Bxe4 28. fxe4 Ng5 29. Re3 Rf8 30. bxc5 bxc5
31. Qd2 Qf4 32. Qe2 Nf3+ 33. Rxf3 Qxf3
0-1

[Event "the  first english knockout 2017 "]
[Site "SchemingMind.com"]
[Date "2017.02.23"]
[Round "-"]
[White "Helga1946"]
[Black "kenneth m day"]
[Result "1-0"]
[WhiteCountry "GER"]
[BlackCountry "USA"]
[WhiteElo "2209"]
[WhiteRD "74"]
[BlackElo "1678"]
[BlackRD "55"]
[GameID "410825"]

1. c4 g6 2. d4 Bg7 3. e4 d6 4. Nc3 c5 5. Be3 Nc6 6. dxc5 Qa5 7. Bd2 Qxc5 8. Nd5 Ne5 9. Bb4 Qc6 10. c5 dxc5
11. Bb5 Bd7 12. Bxc6 Bxc6 13. Nc7+ Kf8 14. Nxa8 cxb4 15. Qd8+ Be8 16. Nc7 Nf6 17. Nf3 Nc6 18. Qc8 e5 19. Rd1 Ne7 20. Qxb7
1-0

[Event "the  first english knockout 2017 "]
[Site "SchemingMind.com"]
[Date "2017.02.26"]
[Round "-"]
[White "abdre1"]
[Black "clare1347"]
[Result "0-1"]
[WhiteCountry "USA"]
[BlackCountry "ENG"]
[WhiteElo "1623"]
[WhiteRD "137"]
[BlackElo "2275"]
[BlackRD "87"]
[GameID "410943"]

1. c4 Nf6 2. Nf3 Nc6 3. e3 e5 4. d4 exd4 5. exd4 Bb4+ 6. Bd2 Bxd2+ 7. Nbxd2 d5 8. c5 O-O 9. Be2 Re8 10. O-O Bg4
11. Re1 Ne4 12. a3 Qf6 13. h3 Nxd2 14. Qxd2 Bxf3 15. Bxf3 Nxd4 16. Qc3 Nxf3+ 17. Qxf3 Qxf3 18. gxf3 Rxe1+ 19. Rxe1 Kf8 20. b4 Rd8
21. Rd1 Ke7 22. f4 c6 23. Rd4 Ke6 24. Kg2 Kf6 25. Kg3 Kf5 26. a4 b6 27. a5 bxc5 28. bxc5 Rb8 29. Ra4 Rb5 30. a6 Rxc5
31. Rb4 Rb5 32. Ra4 c5 33. Kf3 c4 34. Ke3 Rb3+ 35. Kd4 Rd3+ 36. Kc5 c3 37. Rd4 Rxd4 38. Kxd4 c2 39. Kxd5 c1=Q
0-1

[Event "the  first english knockout 2017 "]
[Site "SchemingMind.com"]
[Date "2017.02.26"]
[Round "-"]
[White "clare1347"]
[Black "abdre1"]
[Result "1-0"]
[WhiteCountry "ENG"]
[BlackCountry "USA"]
[WhiteElo "2265"]
[WhiteRD "88"]
[BlackElo "1620"]
[BlackRD "140"]
[GameID "410944"]

1. c4 e5 2. Nc3 Nc6 3. Nf3 d6 4. d4 Nf6 5. d5 Nd4 6. Nxd4 exd4 7. Qxd4 c5 8. dxc6 bxc6 9. e4 Bb7 10. Be2 Be7
11. O-O c5 12. Qd3 O-O 13. Nd5 Bxd5 14. exd5 Qd7 15. Bd2 Rfe8 16. Rfe1 h6 17. h3 a5 18. b3 a4 19. bxa4 Rxa4 20. Bd1 Ra7
21. a4 Nh7 22. a5 Bf6 23. Rxe8+ Qxe8 24. Ba4 Qd8 25. Rb1 Bd4 26. Qb3 Ra8 27. Bc6 Ra7 28. Qb6 Qc7 29. Qxc7 Rxc7 30. a6 Ra7
31. Bb7 Nf6 32. Ba5 Nd7 33. Bc7 Ne5 34. Bb8 Rxa6 35. Bxa6 Nd3 36. Bxd6 Bxf2+ 37. Kf1 Bd4 38. Rd1 Nb4 39. Rxd4 Nxa6 40. Rd3 f6
41. Ra3 Nb4 42. Ra8+ Kf7 43. Ra3 Nc2 44. Bxc5 Nxa3 45. Bxa3 Ke8 46. Bd6 Kd7 47. c5 g5 48. Bh2 f5 49. c6+ Kc8 50. d6 f4
51. Kf2 h5 52. Bxf4 gxf4 53. Kf3 h4 54. Kxf4 Kd8 55. Kf5 Ke8 56. Ke6 Kd8 57. d7 Kc7 58. Ke7 Kxc6 59. d8=Q
1-0

[Event "the  first english knockout 2017 "]
[Site "SchemingMind.com"]
[Date "2017.02.28"]
[Round "-"]
[White "Omahony"]
[Black "Daryl Fouard"]
[Result "1-0"]
[WhiteCountry "ENG"]
[BlackCountry "USA"]
[WhiteElo "1720"]
[WhiteRD "115"]
[BlackElo "1677"]
[BlackRD "104"]
[GameID "410980"]

1. c4 g6 2. d4 Bg7 3. Bf4 c5 4. e3 cxd4 5. exd4 Qb6 6. Nf3 Nc6 7. Be3 Qxb2 8. Nbd2 d6 9. Be2 Nb4 10. O-O Nc2
11. Rb1 Nxe3 12. fxe3 Qxa2 13. Ra1 Qb2 14. Qa4+ Bd7 15. Qa5 Nf6 16. Rfb1 b6 17. Rxb2 bxa5 18. Rxa5 Bh6 19. Ra3 O-O 20. h3 Rfc8
21. Kf2 Bf5 22. Rb7 Ne4+ 23. Nxe4 Bxe4 24. Rbxa7 Bxf3 25. Kxf3 Rxa7 26. Rxa7 Bf8 27. g4 h6 28. Bd3 e6 29. Ke4 d5+ 30. cxd5 exd5+
31. Kxd5 Rc3 32. Bf1 Rxe3 33. Ra2 Be7 34. Kc4 Re1 35. Bg2 f5 36. gxf5 Rc1+ 37. Kd5 g5 38. Ke6 Re1+ 39. Kd7 Bf6 40. Rd2 Re7+
41. Kd6 Re8 42. d5 Rd8+ 43. Kc7 Kf8 44. d6 Ke8 45. Re2+ Kf8 46. Re6
1-0

[Event "the  first english knockout 2017 "]
[Site "SchemingMind.com"]
[Date "2017.02.27"]
[Round "-"]
[White "Daryl Fouard"]
[Black "Omahony"]
[Result "0-1"]
[WhiteCountry "USA"]
[BlackCountry "ENG"]
[WhiteElo "1614"]
[WhiteRD "137"]
[BlackElo "1746"]
[BlackRD "130"]
[GameID "410981"]

1. c4 c6 2. e4 d5 3. cxd5 cxd5 4. exd5 Qxd5 5. Nc3 Qd8 6. d4 Nf6 7. Bc4 e6 8. Nf3 Nc6 9. O-O Be7 10. Bg5 O-O
11. a3 a6 12. Qd3 b5 13. Ba2 Bb7 14. Rad1 Qc7 15. Ne2 Rad8 16. Bb1 g6 17. Rc1 Qb6 18. Be3 Nd5 19. Bg5 Rfe8 20. Bxe7 Rxe7
21. Ng5 Kg7 22. Qh3 Rh8 23. Rfd1 Nf6 24. Qh4 Rd7 25. Be4 Rhd8 26. Bxc6 Bxc6 27. Rc5 Qxc5
0-1

[Event "the  first english knockout 2017 "]
[Site "SchemingMind.com"]
[Date "2017.03.02"]
[Round "-"]
[White "emvarela"]
[Black "Apatchenlama"]
[Result "0-1"]
[WhiteCountry "ARG"]
[BlackCountry "GER"]
[WhiteElo "1904"]
[WhiteRD "62"]
[BlackElo "2077"]
[BlackRD "83"]
[GameID "411054"]

1. c4 e6 2. d4 d5 3. Nf3 Nf6 4. Nc3 Be7 5. Bg5 h6 6. Bxf6 Bxf6 7. cxd5 exd5 8. e3 O-O 9. Be2 c6 10. O-O Bf5
11. Bd3 Bg4 12. h3 Bh5 13. g4 Bg6 14. Qc2 Bxd3 15. Qxd3 Nd7 16. e4 dxe4 17. Nxe4 Qb6 18. Nxf6+ Nxf6 19. b3 Rad8 20. Kg2 Nd5
21. Qf5 Rd6 22. g5 hxg5 23. Nxg5 Rg6 24. Kh1 Qxd4 25. Rg1 Ne7 26. Qe4 Qf6 27. f4 Nd5 28. Raf1 Nc3 29. Qe5 Nd5 30. Qe4 Nc3
31. Qe5 Qxe5 32. fxe5 a6 33. a3 c5 34. Rg2 Nb5 35. a4 Nd4 36. Rb1 Re8 37. Nxf7 Rxg2 38. Kxg2 Kxf7
0-1

[Event "the  first english knockout 2017 "]
[Site "SchemingMind.com"]
[Date "2017.03.04"]
[Round "-"]
[White "Apatchenlama"]
[Black "emvarela"]
[Result "1/2-1/2"]
[WhiteCountry "GER"]
[BlackCountry "ARG"]
[WhiteElo "2019"]
[WhiteRD "96"]
[BlackElo "1928"]
[BlackRD "59"]
[GameID "411055"]

1. c4 Nf6 2. g3 g6 3. d4 Bg7 4. Bg2 c5 5. d5 d6 6. Nc3 O-O 7. Nf3 e5 8. e4 Bg4 9. h3 Bxf3 10. Bxf3 a6
11. a4 Nbd7 12. O-O Nb6 13. b3 Qd7 14. Kh2 h6 15. a5 Nc8 16. Bg2 b6 17. f4 bxa5 18. fxe5 dxe5 19. Be3 Qc7 20. Qd2 Rb8
21. Bxh6 Rxb3 22. Rf3 Nd6 23. Nb5 Rxb5 24. Bxg7 Kxg7 25. cxb5 Nfxe4 26. Qb2 axb5 27. Qxe5+ f6 28. Qb2 Nf5 29. Qxb5 Nd4 30. d6 Nxf3+
31. Bxf3 Nxd6 32. Qxa5 Nf5 33. Qb5 Qxg3+=
1/2-1/2

[Event "the  first english knockout 2017 "]
[Site "SchemingMind.com"]
[Date "2017.03.04"]
[Round "-"]
[White "Diadoco"]
[Black "Scooter"]
[Result "1-0"]
[WhiteCountry "MEX"]
[BlackCountry "USA"]
[WhiteElo "2042"]
[WhiteRD "88"]
[BlackElo "1644"]
[BlackRD "52"]
[GameID "411178"]

1. c4 Nf6 2. Nc3 g6 3. e4 d6 4. d4 Bg7 5. Be2 O-O 6. Nf3 Bg4 7. Be3 Nbd7 8. O-O e5 9. d5 Nc5 10. Nd2 Bxe2
11. Qxe2 Qc8 12. f3 a6 13. b4 Ncd7 14. c5 dxc5 15. bxc5 b6 16. c6 Nb8 17. a4 Ne8 18. g4 Nd6 19. Rac1 Qd8 20. Qf2 Bf6
21. Bh6 Re8 22. Qe3 Bg7 23. Bxg7 Kxg7 24. Kg2 b5 25. Rb1 f6 26. Rh1 g5 27. h4 h6 28. hxg5 hxg5 29. axb5 axb5 30. Nxb5 Nxb5
31. Rxb5 Rh8 32. Rbb1 Ra2 33. Kg3 Nxc6 34. Nb3 Nd4 35. Nxd4 exd4 36. Qxd4 Qd6+ 37. e5 fxe5 38. Qe4 Rxh1 39. Rxh1 Qf6 40. Qh7+ Kf8
41. Qf5 Qxf5 42. gxf5 Ra4 43. Rc1 Rd4 44. Rxc7 Rxd5 45. Kg4 Rd4+ 46. Kxg5 Rf4 47. Kf6 Ke8 48. Ke6 Kf8 49. f6 Kg8 50. Rc8+
1-0

[Event "the  first english knockout 2017 "]
[Site "SchemingMind.com"]
[Date "2017.03.10"]
[Round "-"]
[White "Wojtek26"]
[Black "aliwood"]
[Result "1-0"]
[WhiteCountry "POL"]
[BlackCountry "ENG"]
[WhiteElo "1596"]
[WhiteRD "45"]
[BlackElo "1184"]
[BlackRD "73"]
[GameID "411239"]

1. c4 e6 2. f3 Nf6 3. Nc3 Be7 4. e4 O-O 5. d4 c6 6. Bd3 d5 7. Nge2 Nbd7 8. e5 Ne8 9. O-O Nc7 10. c5 b6
11. cxb6 axb6 12. Nf4 Ba6 13. Qc2 g6 14. a4 Bxd3 15. Qxd3 Bg5 16. Nh3 Bxc1 17. Raxc1 b5 18. axb5 Nxb5 19. Nxb5 cxb5 20. Qxb5 Rb8
21. Qe2 Qe7 22. Rc7 Rfd8 23. Rfc1 Rbc8 24. Rxc8 Rxc8 25. Rxc8+ Kg7 26. Rc7 Qd8 27. Rc2 h6 28. Qd2 Nf8 29. Qc1 Qb6 30. Qd2 Nh7
31. Nf2 Qd8 32. Ng4 Qg5 33. Qxg5 Nxg5 34. b4 h5 35. Ne3 f6 36. Rc7+ Nf7 37. b5
1-0

[Event "the  first english knockout 2017 "]
[Site "SchemingMind.com"]
[Date "2017.03.10"]
[Round "-"]
[White "aliwood"]
[Black "Wojtek26"]
[Result "0-1"]
[WhiteCountry "ENG"]
[BlackCountry "POL"]
[WhiteElo "1184"]
[WhiteRD "73"]
[BlackElo "1596"]
[BlackRD "45"]
[GameID "411240"]

1. c4 e5 2. e3 Nf6 3. Nc3 Bc5 4. Nf3 d6 5. Be2 O-O 6. O-O Nc6 7. a3 Bd7 8. b4 Nxb4 9. axb4 Bxb4 10. Ba3 Bxc3
11. dxc3 Ne4 12. Bb2 c5 13. Bd3 Nf6 14. Be2 Bc6 15. Qd2 Ne4 16. Qc2 Qf6 17. Bd3 Qg6 18. g3 f5 19. Rad1 Qg4 20. Be2 Qh3
21. Ba1 f4 22. Bd3 Nxc3 23. Be2 Nxd1 24. Qxd1 Rad8 25. Bc3 h6 26. Ba5 Rd7 27. Qc2 e4 28. Qd1 exf3 29. Bxf3 fxg3 30. fxg3 Rdf7
31. Qe2 Bxf3 32. Rxf3 Rxf3 33. Qg2 Rf1+ 34. Qxf1 Rxf1#
0-1

[Event "the  first english knockout 2017 "]
[Site "SchemingMind.com"]
[Date "2017.03.09"]
[Round "-"]
[White "Barry Hampton"]
[Black "basicmann"]
[Result "0-1"]
[WhiteCountry "ENG"]
[BlackCountry "USA"]
[WhiteElo "1858"]
[WhiteRD "102"]
[BlackElo "1854"]
[BlackRD "124"]
[GameID "411255"]

1. c4 e5 2. Nc3 Nf6 3. Nf3 Nc6 4. g3 d5 5. cxd5 Nxd5 6. Nxd5 Qxd5 7. Bg2 e4 8. Nh4 g5 9. Bxe4 Qxe4 10. Nf3 Qe7
11. d4 h6 12. b3 Be6 13. Bb2 Bd5 14. O-O O-O-O 15. Qd2 f5 16. Qe3 Qf6 17. Ne5 Rh7 18. Qd2 Nxe5 19. dxe5 Qa6 20. Qd3 Qe6
21. Qd4 b6 22. Rad1 Rhd7 23. Qc3 Kb7 24. Rd3 f4 25. Rc1 Bc6 26. f3 h5 27. Rxd7 Rxd7 28. b4 Bd5 29. b5 Bc5+ 30. Kg2 Be3
31. Rc2 g4 32. Bc1 gxf3+ 33. exf3 Bd4
0-1

[Event "the  first english knockout 2017 "]
[Site "SchemingMind.com"]
[Date "2017.03.09"]
[Round "-"]
[White "basicmann"]
[Black "Barry Hampton"]
[Result "1-0"]
[WhiteCountry "USA"]
[BlackCountry "ENG"]
[WhiteElo "1892"]
[WhiteRD "122"]
[BlackElo "1832"]
[BlackRD "103"]
[GameID "411256"]

1. c4 e6 2. Nf3 d5 3. d4 Nf6 4. Nc3 c6 5. e3 Nbd7 6. Qc2 Be7 7. b3 O-O 8. Bd3 Re8 9. Bb2 Nf8 10. O-O Bd7
11. Rfd1 Qc7 12. Ne5 dxc4 13. bxc4 Bd6 14. f4 c5 15. a4 a6 16. a5 Bc6 17. Na4 Bxa4 18. Rxa4 Rab8 19. Rb1 b6 20. axb6 Rxb6
21. Bc3 Reb8 22. Rxb6 Qxb6 23. h3 Bxe5 24. fxe5 N6d7 25. d5 Ng6 26. Bxg6 hxg6 27. d6 Qb3 28. Qxb3 Rxb3 29. Ba1 f6 30. Rxa6 Rxe3
31. Ra7
1-0

[Event "the  first english knockout 2017 "]
[Site "SchemingMind.com"]
[Date "2017.03.06"]
[Round "-"]
[White "frankly"]
[Black "johanrientsop"]
[Result "1-0"]
[WhiteCountry "ENG"]
[BlackCountry "NED"]
[WhiteElo "2517"]
[WhiteRD "60"]
[BlackElo "1877"]
[BlackRD "118"]
[GameID "411258"]

1. c4 Nf6 2. Nc3 g6 3. d4 Bg7 4. e4 d6 5. h3 O-O 6. Bg5 c5 7. d5 Nbd7 8. Nf3 a6 9. a4 h6 10. Be3 b6
11. Bd3 Re8 12. Qc1 Kh7 13. O-O e6 14. Bd2 exd5 15. exd5 Ne5 16. Nxe5 Rxe5 17. f4 Re8 18. f5 Nh5 19. fxg6+ fxg6 20. Bxg6+ Kxg6
21. Qb1+
1-0

[Event "the  first english knockout 2017 "]
[Site "SchemingMind.com"]
[Date "2017.03.06"]
[Round "-"]
[White "johanrientsop"]
[Black "frankly"]
[Result "0-1"]
[WhiteCountry "NED"]
[BlackCountry "ENG"]
[WhiteElo "1877"]
[WhiteRD "118"]
[BlackElo "2517"]
[BlackRD "60"]
[GameID "411259"]

1. c4 e5 2. Nc3 Nc6 3. d3 Bb4 4. Nf3 Nf6 5. g3 e4 6. dxe4 Nxe4 7. Bd2 Bxc3 8. Bxc3 Nxc3 9. bxc3 d6 10. Bg2 O-O
11. Nd4 Ne5 12. Rb1 Nxc4 13. Bxb7 Bxb7 14. Rxb7 Nb6 15. Qd3 Qc8 16. Qa6 c5 17. Nb5 Rb8 18. Nxd6 Qc6 19. O-O Qxd6 20. Qxa7 Rxb7
21. Qxb7 Nc4 22. Qb5 Nd2 23. Ra1 c4 24. Qb2 Re8
0-1

[Event "the  first english knockout 2017 "]
[Site "SchemingMind.com"]
[Date "2017.03.11"]
[Round "-"]
[White "Nicola85"]
[Black "Transcendent"]
[Result "0-1"]
[WhiteCountry "ITA"]
[BlackCountry "ENG"]
[WhiteElo "1335"]
[WhiteRD "79"]
[BlackElo "1749"]
[BlackRD "65"]
[GameID "411527"]

1. c4 e5 2. Nc3 Bb4 3. g3 Bxc3 4. bxc3 Nf6 5. Bg2 c6 6. Ba3 d6 7. d3 O-O 8. Nf3 Qc7 9. O-O Be6 10. Nd2 Nbd7
11. Ne4 Nxe4 12. Bxe4 f5
0-1

[Event "the  first english knockout 2017 "]
[Site "SchemingMind.com"]
[Date "2017.03.11"]
[Round "-"]
[White "Transcendent"]
[Black "Nicola85"]
[Result "1-0"]
[WhiteCountry "ENG"]
[BlackCountry "ITA"]
[WhiteElo "1749"]
[WhiteRD "65"]
[BlackElo "1335"]
[BlackRD "79"]
[GameID "411528"]

1. c4 Nf6 2. d4 d5 3. cxd5 Nxd5 4. Nf3 g6 5. e4 Nb6 6. Nc3 Bg7 7. Be3 O-O 8. Be2 Bg4 9. h3 Bxf3 10. Bxf3 Nc6
11. d5 Ne5 12. O-O Nbc4 13. Bc1
1-0

[Event "the  first english knockout 2017 "]
[Site "SchemingMind.com"]
[Date "2017.03.15"]
[Round "-"]
[White "Manfred Kraut"]
[Black "berns"]
[Result "1-0"]
[WhiteCountry "GER"]
[BlackCountry "ENG"]
[WhiteElo "1430"]
[WhiteRD "75"]
[BlackElo "1664"]
[BlackRD "77"]
[GameID "411843"]

1. c4 e5 2. Nc3 Nc6 3. Nf3 Nf6 4. e3 Bb4 5. a3 Bxc3 6. bxc3 d6 7. Be2 O-O 8. O-O Ne7 9. Bb2 Ng6 10. d4 exd4
11. cxd4 Bg4 12. h3 Bxf3 13. Bxf3 c6 14. d5 Qd7 15. Bxf6 gxf6 16. dxc6 bxc6 17. Qa4 Rfc8 18. Rab1 Ne5 19. Be2 a5 20. Rfc1 Kh8
21. Qd1 Rg8 22. Bf3 Qxh3 23. Kf1 Qe6 24. Rb6 Nxf3 25. Qxf3 c5 26. Rd1 Qxc4+ 27. Kg1 Rg6 28. Qxa8+ Kg7 29. Rbxd6 Rh6 30. Qf3 Rg6
31. R6d5 Qa4 32. Rd7 Qxa3 33. Qb7 Qb3 34. Qxb3
1-0

[Event "the  first english knockout 2017 "]
[Site "SchemingMind.com"]
[Date "2017.03.15"]
[Round "-"]
[White "berns"]
[Black "Manfred Kraut"]
[Result "1-0"]
[WhiteCountry "ENG"]
[BlackCountry "GER"]
[WhiteElo "1708"]
[WhiteRD "77"]
[BlackElo "1397"]
[BlackRD "73"]
[GameID "411844"]

1. c4 Nf6 2. Nc3 g6 3. g3 Bg7 4. Bg2 O-O 5. e4 d6 6. Nge2 Bg4 7. h3 Bd7 8. d4 c5 9. d5 e6 10. Bg5 exd5
11. cxd5 a6 12. O-O b5 13. a3 Qc8 14. Qd2 Bxh3 15. Bxf6 Bxf6 16. Qh6 Bxg2 17. Kxg2 Bg7 18. Qh4 Nd7 19. Rh1 Bxc3 20. Qxh7#
1-0

[Event "the  first english knockout 2017 "]
[Site "SchemingMind.com"]
[Date "2017.03.17"]
[Round "-"]
[White "Johnny Owens"]
[Black "Iucounu"]
[Result "0-1"]
[WhiteCountry "USA"]
[BlackCountry "ENG"]
[WhiteElo "1707"]
[WhiteRD "88"]
[BlackElo "1597"]
[BlackRD "57"]
[GameID "411924"]

1. c4 Nf6 2. g3 g6 3. Bg2 Bg7 4. Nc3 O-O 5. d4 d6 6. Nf3 Nc6 7. O-O e5 8. d5 Ne7 9. e4 Nd7 10. Be3 f5
11. Ng5 Nc5 12. Bxc5 dxc5 13. Qb3 b6 14. Rad1 fxe4 15. Ne6 Bxe6
0-1

[Event "the  first english knockout 2017 "]
[Site "SchemingMind.com"]
[Date "2017.03.17"]
[Round "-"]
[White "Chessibelle"]
[Black "ArtistDude"]
[Result "0-1"]
[WhiteCountry "ENG"]
[BlackCountry "USA"]
[WhiteElo "1106"]
[WhiteRD "57"]
[BlackElo "1561"]
[BlackRD "153"]
[GameID "411937"]

1. c4 c5 2. d3 Nc6 3. e4 g6 4. Nf3 Bg7 5. Nc3 d6 6. Be2 Nf6 7. b3 Nxe4 8. Nxe4 Bxa1 9. O-O Bg7 10. Qd2 O-O
11. Neg5 Bg4 12. h3 Bxf3 13. Bxf3 Qd7 14. h4 Nd4 15. Be4 Rab8 16. a3 Nxb3 17. Qd1 Nxc1 18. Qxc1 Qg4 19. g3 Bd4 20. Bg2 b5
21. Re1 Qxg3 22. Kh1 Bxf2 23. Rf1 Qxh4+ 24. Nh3 Bd4 25. Rf3 bxc4 26. dxc4 Rb6 27. Kh2 Rfb8 28. Qd2 Be5+ 29. Kg1 Rb1+ 30. Bf1 Bd4+
31. Kh1 Qe4 32. Kg2 R8b2 33. Qf2 Bxf2 34. Nxf2 Rxf2+ 35. Kxf2 Rxf1+
0-1

[Event "the  first english knockout 2017 "]
[Site "SchemingMind.com"]
[Date "2017.03.18"]
[Round "-"]
[White "ArtistDude"]
[Black "Chessibelle"]
[Result "1-0"]
[WhiteCountry "USA"]
[BlackCountry "ENG"]
[WhiteElo "1561"]
[WhiteRD "153"]
[BlackElo "1106"]
[BlackRD "57"]
[GameID "411938"]

1. c4 c5 2. Nf3 d6 3. Nc3 Nf6 4. d4 g6 5. dxc5 Nc6 6. cxd6 exd6 7. Bg5 Be7 8. Bh6 Ng4 9. Bg7 Rg8 10. Bd4 b6
11. g3 Ba6 12. b3 Qd7 13. Bg2 Rb8 14. O-O Bc8 15. Qd2 h5 16. Nd5 Bd8 17. Bc3 Bb7 18. h3 Nh6 19. Qxh6 Be7 20. Qe3 f5
21. Nf6+
1-0

[Event "the  first english knockout 2017 "]
[Site "SchemingMind.com"]
[Date "2017.03.21"]
[Round "-"]
[White "Serk"]
[Black "Diadoco"]
[Result "1-0"]
[WhiteCountry "RUS"]
[BlackCountry "MEX"]
[WhiteElo "2345"]
[WhiteRD "110"]
[BlackElo "1986"]
[BlackRD "94"]
[GameID "411971"]

1. c4 e5 2. Nc3 Nf6 3. Nf3 Nc6 4. g3 d5 5. cxd5 Nxd5 6. Bg2 Nb6 7. O-O Be7 8. d3 O-O 9. a3 Be6 10. Be3 f5
11. Rc1 Kh8 12. b4 a6 13. Bc5 Bxc5 14. bxc5 Nd7 15. d4 e4 16. d5 exf3 17. Bxf3 Nxc5 18. dxe6 Nxe6 19. Bxc6 bxc6 20. e3 Qe8
21. Qa4 Rf6 22. Ne2 Ng5 23. Rfd1 h6= 24. h4 Nf3+ 25. Kg2 Qh5 26. Nf4 Qg4 27. h5 Kh7 28. Rd7 Ne5 29. Re7 Qf3+ 30. Kg1 Ng4
31. Rf1 Rd8 32. Qc2 Rdd6 33. Re8 a5 34. Qb3 Rd5 35. Qb8
1-0